| 000 | 00827nam a22002297a 4500 | ||
|---|---|---|---|
| 005 | 20240610114814.0 | ||
| 008 | 240605b mx |||||||| |||| 00| 0 spa d | ||
| 020 | _a9786070307560 | ||
| 050 | 0 | 4 |
_aHM681 _bB37 2016 |
| 100 | 1 | _aBasáñez, Miguel. | |
| 245 | 1 | 3 |
_aUn mundo de tres culturas _b: honor, éxito y disfrute _c/ por Miguel Basáñez ; traducción de Lucila Christen de Remond. |
| 250 | _a1a ed. | ||
| 260 |
_aMéxico : _bSiglo XXI Editores, _c2016. |
||
| 300 |
_a376 p. ; _c23 cm. |
||
| 490 | 0 | _aEconomía y demografía. | |
| 504 | _aBibliografía : p. 361-373 e índice. | ||
| 650 | 7 |
_2lemb _aValores sociales _xEstudios interculturales |
|
| 650 | 7 |
_2lemb _aEvolución social _xEstudios interculturales |
|
| 650 | 4 | _aGeografía cultural | |
| 700 | 1 |
_aChristen de Remond, Lucila, _etraductor |
|
| 942 |
_2lcc _cLIB |
||
| 999 |
_c42340 _d42340 |
||